[Event "CZE-chT1W 2122"]
[Site "Czech Republic"]
[Date "2022.02.06"]
[Round "8.1"]
[White "Richtrova, Eliska"]
[Black "Petr, Jan"]
[Result "1/2-1/2"]
[WhiteElo "2199"]
[BlackElo "2079"]
[PlyCount "132"]
[EventDate "2021.10.10"]
[EventType "team-tourn"]
[EventRounds "11"]
[EventCountry "CZE"]
[SourceTitle "EXT 2023"]
[Source "ChessBase"]
[SourceDate "2022.10.05"]
[SourceVersion "1"]
[SourceVersionDate "2022.10.05"]
[SourceQuality "1"]
[WhiteTeam "Ceske Budejovice"]
[BlackTeam "Pankrac"]
[WhiteTeamCountry "CZE"]
[BlackTeamCountry "CZE"]

1. e4 e5 2. Nf3 Nf6 3. Nc3 Nc6 4. Bb5 Nd4 5. Ba4 Bc5 6. d3 0-0 7. Bg5 Nxf3+ 8. Qxf3 c6 9. Bb3 Be7 10. 0-0 d6 11. h3 Be6 12. Ne2 Bxb3 13. axb3 Nd7 14. Bd2 Bg5 15. Bc3 Qe7 16. Qg4 f5 17. exf5 Bh6 18. Ng3 Nf6 19. Qh4 Qd7 20. d4 Bf4 21. dxe5 dxe5 22. Rad1 Nd5 23. Qg4 Qf7 24. Nh5 Rae8 25. Bd2 Re7 26. c4 Bxd2 27. cxd5 Bh6 28. f6 Rc7 29. d6 Rd7 30. Ng3 Kh8 31. fxg7+ Bxg7 32. Ne4 Rfd8 33. Rd3 Qg6 34. Rfd1 Qxg4 35. hxg4 b6 36. f3 Kg8 37. Kf2 Kf7 38. Rh1 Kg6 39. Rh5 h6 40. Rd1 Bf8 41. Rxe5 Bg7 42. Re7 Bxb2 43. f4 Rxe7 44. dxe7 Re8 45. f5+ Kg7 46. Rd7 Be5 47. Rxa7 Kf7 48. f6 Ke6 49. Kf3 Bxf6 50. Nxf6 Kxf6 51. Rc7 c5 52. Rc6+ Kxe7 53. Rxb6 Rc8 54. Rxh6 c4 55. bxc4 Rxc4 56. Rh5 Kf6 57. Ra5 Kg6 58. Kg3 Rc2 59. Kh3 Rb2 60. g5 Rb4 61. g3 Rc4 62. Re5 Ra4 63. g4 Ra1 64. Kg3 Rg1+ 65. Kf3 Rf1+ 66. Kg2 Ra1 1/2-1/2

[Event "Pardubice Czech op-A 32nd"]
[Site "Pardubice"]
[Date "2021.07.23"]
[Round "1"]
[White "Niedbala, Bartlomiej"]
[Black "Petr, Jan"]
[Result "1-0"]
[WhiteElo "2360"]
[BlackElo "2087"]
[PlyCount "81"]
[EventDate "2021.07.23"]
[EventType "swiss"]
[EventRounds "9"]
[EventCountry "CZE"]
[SourceTitle "CBM 203 Extra"]
[Source "ChessBase"]
[SourceDate "2021.09.30"]
[SourceVersion "1"]
[SourceVersionDate "2021.09.30"]
[SourceQuality "1"]

1. d4 Nf6 2. c4 c5 3. d5 b5 4. Qc2 d6 5. e4 bxc4 6. Bxc4 g6 7. Nf3 Bg7 8. 0-0 0-0 9. Nc3 Nbd7 10. Re1 Ng4 11. Bf1 Nde5 12. Nxe5 Nxe5 13. h3 Rb8 14. Rb1 Qb6 15. Na4 Qc7 16. b3 e6 17. Nc3 c4 18. bxc4 Rxb1 19. Qxb1 Nf3+ 20. gxf3 Bxc3 21. Rd1 e5 22. Be3 Qe7 23. c5 Qh4 24. cxd6 Bxh3 25. Qb7 Bd4 26. Qe7 Qh5 27. Bg2 Bxg2 28. Kxg2 Bxe3 29. fxe3 Rb8 30. Kg3 g5 31. Rd2 Qh4+ 32. Kg2 Rb1 33. Qe8+ Kg7 34. Qxe5+ Kg8 35. Qe8+ Kg7 36. Qe5+ Kg8 37. Qh2 Qe1 38. Rf2 Qxf2+ 39. Kxf2 Rb2+ 40. Kg3 Rxh2 41. d7 1-0

[Event "Prague op"]
[Site "Prague"]
[Date "2020.02.17"]
[Round "4"]
[White "Bartel, Michal"]
[Black "Petr, Jan"]
[Result "1-0"]
[WhiteElo "2304"]
[BlackElo "2148"]
[PlyCount "67"]
[EventDate "2020.02.14"]
[EventType "swiss"]
[EventRounds "9"]
[EventCountry "CZE"]
[SourceTitle "CBM 195 Extra"]
[Source "ChessBase"]
[SourceDate "2020.05.31"]
[SourceVersion "1"]
[SourceVersionDate "2020.05.31"]
[SourceQuality "1"]

1. d4 d5 2. Bf4 Nf6 3. Nc3 e6 4. Nb5 Na6 5. a3 c6 6. Nc3 Bd6 7. e3 b6 8. Nf3 0-0 9. Ne5 Bxe5 10. Bxe5 Nd7 11. Bg3 e5 12. dxe5 Re8 13. Qh5 Nxe5 14. Be2 Qf6 15. 0-0-0 Nc5 16. Rd4 Qf5 17. b4 Qxh5 18. Bxh5 Ncd7 19. Be2 Nf6 20. Rd2 Bb7 21. Rhd1 a6 22. Bh4 b5 23. Bxf6 gxf6 24. e4 a5 25. exd5 axb4 26. axb4 cxd5 27. Nxb5 Nc4 28. Bxc4 dxc4 29. Kb2 Re5 30. Rd8+ Kg7 31. Rxa8 Bxa8 32. Nd4 Bxg2 33. Rg1 Rg5 34. h4 1-0

[Event "Prague op"]
[Site "Prague"]
[Date "2020.02.15"]
[Round "2"]
[White "Gullaksen, Eirik Tvedt"]
[Black "Petr, Jan"]
[Result "1-0"]
[WhiteElo "2337"]
[BlackElo "2148"]
[PlyCount "95"]
[EventDate "2020.02.14"]
[EventType "swiss"]
[EventRounds "9"]
[EventCountry "CZE"]
[SourceTitle "CBM 195 Extra"]
[Source "ChessBase"]
[SourceDate "2020.05.31"]
[SourceVersion "1"]
[SourceVersionDate "2020.05.31"]
[SourceQuality "1"]

1. d4 d5 2. c4 dxc4 3. Nf3 Nf6 4. e3 e6 5. Bxc4 c5 6. 0-0 a6 7. b3 b5 8. Be2 Bb7 9. Bb2 Nbd7 10. a4 bxa4 11. Rxa4 Be7 12. Nbd2 Nb6 13. Ra1 0-0 14. Nc4 Nxc4 15. bxc4 Qc7 16. Qa4 Nd7 17. Rfd1 Rfc8 18. Rac1 Bf6 19. Ba3 Bc6 20. Qc2 Qa5 21. Qd3 Ba4 22. Rd2 Rab8 23. Rb2 Rxb2 24. Bxb2 Rb8 25. Bc3 Qb6 26. Ra1 Bc6 27. Nd2 Qb7 28. Bf3 Bxf3 29. Nxf3 g6 30. h3 h5 31. Nd2 Bg7 32. Qc2 Bh6 33. Qa4 Ra8 34. Rb1 Qc8 35. Ne4 Bg7 36. d5 exd5 37. cxd5 Bxc3 38. Nxc3 Rb8 39. Rxb8 Nxb8 40. Ne4 Kg7 41. Qa1+ Kh7 42. Qf6 Qb7 43. Nd6 Qxd5 44. Nxf7 Kg8 45. Qxg6+ Kf8 46. Nd6 Ke7 47. Nf5+ Kd7 48. Qg7+ 1-0

[Event "CZE-chT2A 1920"]
[Site "Czech Republic"]
[Date "2020.02.09"]
[Round "8.6"]
[White "Hlavsa, Filip"]
[Black "Petr, Jan"]
[Result "1/2-1/2"]
[WhiteElo "1901"]
[BlackElo "2137"]
[PlyCount "156"]
[EventDate "2019.10.13"]
[EventType "team-tourn"]
[EventRounds "11"]
[EventCountry "CZE"]
[SourceTitle "EXT 2024"]
[Source "ChessBase"]
[SourceDate "2023.10.10"]
[SourceVersion "1"]
[SourceVersionDate "2023.10.10"]
[SourceQuality "1"]
[WhiteTeam "Pisek"]
[BlackTeam "Pankrac II"]
[WhiteTeamCountry "CZE"]
[BlackTeamCountry "CZE"]

1. e4 e5 2. Nf3 Nc6 3. d3 Nf6 4. Be2 Bc5 5. 0-0 d6 6. c3 Bb6 7. Nbd2 0-0 8. Nc4 h6 9. a4 d5 10. Nxb6 axb6 11. Qc2 Re8 12. Re1 Bg4 13. h3 Bh5 14. g4 Bg6 15. Nh4 Nxe4 16. Nxg6 Nd6 17. Nxe5 Nxe5 18. Bf4 Qf6 19. Qd2 g5 20. Bg3 Ng6 21. b3 b5 22. a5 Ra6 23. Ra2 c5 24. Bf1 Rea8 25. Rea1 Nf4 26. Bg2 Nxg2 27. Kxg2 c4 28. b4 cxd3 29. Qxd3 Ne4 30. Rc2 Rc6 31. Rac1 Rac8 32. Qxd5 Nxc3 33. Qe5 Qxe5 34. Bxe5 Nd5 35. Rxc6 bxc6 36. Bd6 f6 37. a6 Kf7 38. a7 Ra8 39. Bc5 Ke6 40. Kg3 Kd7 41. Rh1 Nc3 42. Re1 Nd5 43. h4 Kc7 44. hxg5 hxg5 45. Rh1 Kb7 46. Rh7+ Ka6 47. Rd7 Rc8 48. Rd6 Kb7 49. Re6 Rd8 50. Kf3 Kc7 51. Ke4 Nc3+ 52. Kf5 Nd5 53. Re1 Kb7 54. Kg6 Rh8 55. Kf7 Ra8 56. Re2 Rxa7 57. Bxa7 Kxa7 58. Re4 Kb6 59. Ke6 Nc3 60. Rd4 Ne2 61. Rd2 Nc3 62. Rd3 Na2 63. Rd4 Nc3 64. Kxf6 c5 65. Rd6+ Kc7 66. bxc5 b4 67. Rd4 b3 68. Kxg5 b2 69. Rb4 b1Q 70. Rxb1 Nxb1 71. Kh6 Nc3 72. g5 Nd5 73. g6 Kc6 74. f4 Kxc5 75. g7 Ne7 76. Kg5 Kd6 77. f5 Ng8 78. Kg6 Ke7 1/2-1/2

[Event "Pardubice Czech op-A 30th"]
[Site "Pardubice"]
[Date "2019.07.21"]
[Round "3"]
[White "Petr, Jan"]
[Black "Colas, Joshua"]
[Result "1/2-1/2"]
[WhiteElo "2107"]
[BlackElo "2302"]
[PlyCount "121"]
[EventDate "2019.07.19"]
[EventType "swiss"]
[EventRounds "9"]
[EventCountry "CZE"]
[SourceTitle "CBM 191"]
[Source "ChessBase"]
[SourceDate "2019.08.31"]
[SourceVersion "1"]
[SourceVersionDate "2019.08.31"]
[SourceQuality "1"]

1. e4 c6 2. d4 d5 3. Nd2 dxe4 4. Nxe4 Nf6 5. Nxf6+ exf6 6. Ne2 Bd6 7. g3 0-0 8. Bg2 Bg4 9. Be3 Re8 10. Qd2 Nd7 11. 0-0 Nb6 12. b3 Nd5 13. c4 Bb4 14. Qd3 Nxe3 15. fxe3 Qe7 16. e4 f5 17. e5 Rad8 18. Bf3 Qxe5 19. Rf2 Bc5 20. Rd1 Bxf3 21. Qxf3 Bxd4 22. Rxd4 Rxd4 23. Nxd4 Qxd4 24. Qxf5 f6 25. Kg2 a6 26. Qf4 Qxf4 27. gxf4 b5 28. cxb5 cxb5 29. Kf3 Rc8 30. Ke4 Kf7 31. Rd2 Ke6 32. f5+ Ke7 33. Rg2 Kf7 34. Rd2 Re8+ 35. Kf4 g5+ 36. fxg6+ hxg6 37. h4 Rh8 38. Kg3 Ke6 39. Kg4 f5+ 40. Kg3 Rc8 41. Kf4 Rc1 42. Rg2 Kf6 43. Rd2 Rf1+ 44. Kg3 Ke5 45. Rg2 f4+ 46. Kh2 Kf6 47. Kh3 f3 48. Rc2 Kf5 49. Kg3 Ke4 50. Rc6 Rg1+ 51. Kf2 Rg2+ 52. Kf1 a5 53. a4 bxa4 54. bxa4 g5 55. hxg5 Rxg5 56. Re6+ Kf4 57. Rb6 Rd5 58. Rh6 Rd1+ 59. Kf2 Rd2+ 60. Kf1 Ra2 61. Rh5 1/2-1/2

[Event "Pardubice Czech op-A 30th"]
[Site "Pardubice"]
[Date "2019.07.19"]
[Round "1"]
[White "Petr, Jan"]
[Black "Dobrovoljc, Vid"]
[Result "0-1"]
[WhiteElo "2107"]
[BlackElo "2334"]
[PlyCount "80"]
[EventDate "2019.07.19"]
[EventType "swiss"]
[EventRounds "9"]
[EventCountry "CZE"]
[SourceTitle "CBM 191"]
[Source "ChessBase"]
[SourceDate "2019.08.31"]
[SourceVersion "1"]
[SourceVersionDate "2019.08.31"]
[SourceQuality "1"]

1. e4 c5 2. Nf3 d6 3. Bb5+ Nd7 4. c3 Ngf6 5. Qe2 a6 6. Ba4 e5 7. 0-0 Be7 8. d3 0-0 9. Rd1 b5 10. Bc2 Re8 11. a4 Bb7 12. Nbd2 Qc7 13. Nf1 d5 14. Ng3 Bf8 15. Bg5 h6 16. Bd2 g6 17. h3 c4 18. Nh2 cxd3 19. Bxd3 bxa4 20. Ng4 Nxg4 21. Qxg4 Nc5 22. Bc2 dxe4 23. Nxe4 Bxe4 24. Bxe4 Rab8 25. Bd5 Kg7 26. c4 Nb3 27. Rxa4 Nxd2 28. Rxd2 a5 29. Ra2 Bc5 30. Qf3 Rb6 31. Qd1 Rf6 32. Qc2 e4 33. Bxe4 Qe5 34. Rd5 Bxf2+ 35. Qxf2 Qxe4 36. Qd4 Qb1+ 37. Kh2 Qxa2 38. c5 Ree6 39. Rd8 Qb1 40. Rc8 Qe4 0-1

[Event "Prague op"]
[Site "Prague"]
[Date "2019.03.09"]
[Round "1"]
[White "Petr, Jan"]
[Black "Popovic, Dusan"]
[Result "0-1"]
[WhiteElo "2121"]
[BlackElo "2511"]
[PlyCount "144"]
[EventDate "2019.03.09"]
[EventType "swiss"]
[EventRounds "9"]
[EventCountry "CZE"]
[SourceTitle "CBM 189 Extra"]
[Source "ChessBase"]
[SourceDate "2019.06.03"]
[SourceVersion "1"]
[SourceVersionDate "2019.06.03"]
[SourceQuality "1"]

1. e4 e5 2. Nf3 d6 3. d4 exd4 4. Nxd4 Nf6 5. Nc3 Be7 6. Be2 0-0 7. 0-0 Re8 8. Re1 Bf8 9. Bf3 Nbd7 10. g3 c6 11. Bg2 Ne5 12. h3 Bd7 13. f4 Ng6 14. Be3 Qc7 15. a4 a6 16. a5 c5 17. Nf5 Bc6 18. Bf2 Rad8 19. Nd5 Bxd5 20. exd5 Qd7 21. Rxe8 Rxe8 22. Ne3 h5 23. h4 Ne7 24. Qd3 g6 25. c3 Bg7 26. Rc1 Qa4 27. Nc4 Nf5 28. Re1 Rxe1+ 29. Bxe1 Qa1 30. Qf1 Qb1 31. Bf3 Ng4 32. Bf2 Qa2 33. Be4 Ngh6 34. Bd3 Qa4 35. Qe1 Qd7 36. Qd1 Bf6 37. Qe2 Bd8 38. Qe1 Kg7 39. Qe2 Qa4 40. Qc2 Qd7 41. Qe2 Be7 42. Kg2 Kf8 43. Nb6 Qe8 44. Nc4 Qd8 45. Nb6 Bf6 46. Nc4 Ne7 47. Qf3 Nhf5 48. Kh2 Kg7 49. Nb6 Nh6 50. Qe2 Nc8 51. Nc4 Qd7 52. Qd1 Bd8 53. Kg2 Ne7 54. Be4 Nef5 55. Bd3 Bc7 56. Qb3 Qc8 57. Qd1 Ng4 58. Be4 Qd7 59. Kg1 Nf6 60. Bc2 Ne7 61. b4 Nexd5 62. bxc5 dxc5 63. Bxc5 Qb5 64. Qd4 Bxa5 65. Nxa5 Qxa5 66. c4 Qe1+ 67. Kg2 Qe2+ 68. Qf2 Qxc4 69. f5 Nb4 70. Bb1 Nd3 71. Bxd3 Qxd3 72. fxg6 Kxg6 0-1

[Event "CZE-chT2C 1718"]
[Site "Czech Republic"]
[Date "2018.04.08"]
[Round "11.6"]
[White "Michalek, Frantisek"]
[Black "Petr, Jan"]
[Result "0-1"]
[WhiteElo "1994"]
[BlackElo "2113"]
[PlyCount "136"]
[EventDate "2017.10.15"]
[EventType "team-tourn"]
[EventRounds "11"]
[EventCountry "CZE"]
[SourceTitle "EXT 2022"]
[Source "ChessBase"]
[SourceDate "2021.10.06"]
[SourceVersion "1"]
[SourceVersionDate "2021.10.06"]
[SourceQuality "1"]
[WhiteTeam "Kolin"]
[BlackTeam "Pankrac II"]
[WhiteTeamCountry "CZE"]
[BlackTeamCountry "CZE"]

1. e4 e5 2. Nf3 Nf6 3. Nxe5 d6 4. Nf3 Nxe4 5. Nc3 Nxc3 6. dxc3 Be7 7. Bf4 Nd7 8. Qd2 Nc5 9. Be2 0-0 10. 0-0 Bf5 11. Nd4 Bg6 12. Bf3 d5 13. Rad1 c6 14. Rfe1 Bf6 15. Re2 Qb6 16. b4 Ne4 17. Bxe4 Bxe4 18. Bg5 Qd8 19. Bxf6 Qxf6 20. f3 Bg6 21. Rde1 a5 22. a3 axb4 23. axb4 b6 24. b5 cxb5 25. Nxb5 Qc6 26. Nd4 Qc5 27. Re3 h6 28. h3 Rfc8 29. Kh2 Kh7 30. Rb1 Ra3 31. Rb3 Qc7+ 32. g3 Ra2 33. Re1 Qc4 34. Reb1 Re8 35. Rb4 Bxc2 36. Rxc4 Bxb1 37. Qxa2 Bxa2 38. Rc7 Kg8 39. Kg2 Bc4 40. Kf2 Ra8 41. Re7 Kf8 42. Re1 Ra3 43. Rc1 b5 44. Rc2 g6 45. Nc6 Ke8 46. Ke3 Ra1 47. Kd4 Rg1 48. g4 Rh1 49. Ne5 Rxh3 50. Nxc4 dxc4 51. Ke4 h5 52. gxh5 Rxh5 53. Ra2 Rf5 54. Ra7 Kf8 55. Rb7 Kg7 56. Ra7 Kf6 57. f4 Rh5 58. Ra6+ Kg7 59. Rb6 Rh3 60. Rxb5 Rxc3 61. f5 g5 62. Rb6 Rc1 63. Rc6 c3 64. Kf3 c2 65. Kg2 g4 66. Kh2 g3+ 67. Kg2 Kh7 68. Rc3 Kh6 0-1

[Event "CZE-chT2C 1718"]
[Site "Czech Republic"]
[Date "2018.02.25"]
[Round "9.5"]
[White "Petr, Jan"]
[Black "Hrdina, Robin"]
[Result "0-1"]
[WhiteElo "2113"]
[BlackElo "2165"]
[PlyCount "94"]
[EventDate "2017.10.15"]
[EventType "team-tourn"]
[EventRounds "11"]
[EventCountry "CZE"]
[SourceTitle "EXT 2022"]
[Source "ChessBase"]
[SourceDate "2021.10.06"]
[SourceVersion "1"]
[SourceVersionDate "2021.10.06"]
[SourceQuality "1"]
[WhiteTeam "Pankrac II"]
[BlackTeam "Vlasim"]
[WhiteTeamCountry "CZE"]
[BlackTeamCountry "CZE"]

1. f4 Nf6 2. Nf3 g6 3. d3 d5 4. c3 Bg7 5. g3 0-0 6. Bg2 c6 7. 0-0 Nbd7 8. e3 Qc7 9. Qc2 e5 10. Nbd2 Qb6 11. d4 e4 12. Ne5 Nxe5 13. fxe5 Ng4 14. Nb3 f6 15. exf6 Nxf6 16. c4 Bf5 17. Bd2 Qd8 18. Rac1 Rc8 19. cxd5 cxd5 20. Qb1 b6 21. Rxc8 Qxc8 22. Rc1 Qd7 23. Qc2 Bh6 24. Qc6 Qxc6 25. Rxc6 Ng4 26. Rc3 Rc8 27. h3 Rxc3 28. hxg4 Rxb3 29. axb3 Bxg4 30. Kf2 Bf8 31. b4 b5 32. Bf1 Bd7 33. Be2 Kf7 34. Bf1 Bd6 35. Be1 Kf6 36. Be2 Kg5 37. Kg2 a6 38. Kh2 h5 39. Kg2 Bg4 40. Bf1 Bf3+ 41. Kh3 Kf5 42. Kh2 h4 43. Bh3+ Bg4 44. Bg2 g5 45. Bf1 Bd1 46. Kg1 Kg4 47. Kh2 Kf3 0-1

[Event "CZE-chT1W 1718"]
[Site "Czech Republic"]
[Date "2017.10.29"]
[Round "1.5"]
[White "Petr, Jan"]
[Black "Jezbera, Jiri"]
[Result "1/2-1/2"]
[WhiteElo "2112"]
[BlackElo "2100"]
[PlyCount "79"]
[EventDate "2017.10.29"]
[EventType "team-tourn"]
[EventRounds "11"]
[EventCountry "CZE"]
[SourceTitle "CBM 181 Extra"]
[Source "ChessBase"]
[SourceDate "2017.12.12"]
[SourceVersion "1"]
[SourceVersionDate "2017.12.12"]
[SourceQuality "1"]
[WhiteTeam "Pankrac"]
[BlackTeam "Hradec Kralove Slavia"]
[WhiteTeamCountry "CZE"]
[BlackTeamCountry "CZE"]

1. e4 c5 2. Nf3 e6 3. d4 cxd4 4. Nxd4 Nf6 5. Nc3 Bb4 6. Bd3 d5 7. 0-0 Bxc3 8. bxc3 dxe4 9. Bb5+ Bd7 10. Ba3 a6 11. Be2 Qa5 12. Bb4 Qe5 13. f4 Qc7 14. f5 exf5 15. Rxf5 Nc6 16. Rg5 Nxb4 17. cxb4 0-0 18. Qd2 h6 19. Rg3 Qe5 20. Rf1 Nd5 21. Nb3 Rad8 22. c4 Ne7 23. Qc3 Qxc3 24. Rxc3 f5 25. Na5 Bc6 26. b5 axb5 27. cxb5 Nd5 28. Rc5 b6 29. Rxc6 bxa5 30. Ra6 Ne3 31. Rb1 Rd2 32. b6 Rb8 33. Kf2 Nd5 34. b7 Nb4 35. Ra8 Rdd8 36. Rxa5 Rxb7 37. a3 Nc6 38. Rxb7 Nxa5 39. Rb5 Nc6 40. Rxf5 1/2-1/2

[Event "CZE-chT2A 1617"]
[Site "Czech Republic"]
[Date "2017.03.19"]
[Round "10.4"]
[White "Petr, Jan"]
[Black "Orsagova, Silvie"]
[Result "1/2-1/2"]
[WhiteElo "2157"]
[BlackElo "2168"]
[PlyCount "206"]
[EventDate "2016.10.09"]
[EventType "team-tourn"]
[EventRounds "11"]
[EventCountry "CZE"]
[SourceTitle "EXT 2022"]
[Source "ChessBase"]
[SourceDate "2021.10.06"]
[SourceVersion "1"]
[SourceVersionDate "2021.10.06"]
[SourceQuality "1"]
[WhiteTeam "Pankrac II"]
[BlackTeam "Praha Dukla"]
[WhiteTeamCountry "CZE"]
[BlackTeamCountry "CZE"]

1. e4 d5 2. exd5 Qxd5 3. d4 Nf6 4. Nf3 Bf5 5. c4 Qe4+ 6. Be2 Qc2 7. Qxc2 Bxc2 8. Nc3 c6 9. 0-0 e6 10. d5 Bb4 11. dxe6 fxe6 12. Nd4 Bf5 13. h3 h5 14. Nxf5 exf5 15. Bd3 g6 16. Ne2 Nbd7 17. Bf4 a5 18. a3 Bc5 19. b4 Be7 20. c5 Nd5 21. Bc4 Bf6 22. Rad1 axb4 23. Bxd5 cxd5 24. axb4 Ra4 25. Bd6 Kf7 26. Nf4 Rxb4 27. Nxd5 Rc4 28. Rb1 Nxc5 29. Bxc5 Rxc5 30. Rxb7+ Ke6 31. Nf4+ Kd6 32. Rb6+ Rc6 33. Rd1+ Kc5 34. Rxc6+ Kxc6 35. Nxg6 Rg8 36. Nf4 h4 37. Rd5 Rg5 38. Kf1 Be7 39. Ra5 Kd7 40. Ra6 Bd6 41. Ra7+ Kc6 42. Ne6 Rh5 43. Rf7 Be5 44. Ke2 Kd5 45. Nf8 Bd6 46. Kf3 Ke5 47. Ng6+ Ke6 48. Ra7 Kf6 49. Nf4 Rh6 50. Ra6 Kf7 51. Ne2 Ke7 52. Nd4 Rh5 53. Ra8 Kf7 54. Ra5 Kf6 55. Rd5 Be5 56. Nc6 Bc7 57. Rd7 Bh2 58. Rd8 Kf7 59. Nd4 Be5 60. Ke2 Bf4 61. Nf3 Bg5 62. Rd4 Kf6 63. Nxg5 Kxg5 64. Rd8 Kf4 65. Rg8 Ke4 66. Kf1 f4 67. Re8+ Kd3 68. Rf8 Ke4 69. Ke2 Rg5 70. Re8+ Kf5 71. Kf3 Rg7 72. Rf8+ Ke5 73. Rxf4 Rxg2 74. Rxh4 Rg1 75. Rg4 Rh1 76. Kg2 Ra1 77. h4 Kf6 78. f3 Ra5 79. Kg3 Rb5 80. Rg8 Kf7 81. Rg5 Rb1 82. Kg4 Kf6 83. Ra5 Rb4+ 84. f4 Rc4 85. h5 Rc1 86. Ra6+ Kg7 87. Kg5 Rg1+ 88. Kf5 Rh1 89. Ra7+ Kh6 90. Kf6 Rxh5 91. f5 Rh1 92. Kf7 Kh7 93. f6 Kh8 94. Ke8 Re1+ 95. Re7 Ra1 96. Kf7 Kh7 97. Kf8+ Kh8 98. f7 Kh7 99. Re6 Ra7 100. Ke8 Ra8+ 101. Ke7 Ra7+ 102. Ke8 Ra8+ 103. Ke7 Ra7+ 1/2-1/2

[Event "CZE-chT2A 1617"]
[Site "Czech Republic"]
[Date "2016.11.13"]
[Round "3.3"]
[White "Pribyl, Josef"]
[Black "Petr, Jan"]
[Result "1-0"]
[WhiteElo "2258"]
[BlackElo "2157"]
[PlyCount "81"]
[EventDate "2016.10.09"]
[EventType "team-tourn"]
[EventRounds "11"]
[EventCountry "CZE"]
[SourceTitle "EXT 2022"]
[Source "ChessBase"]
[SourceDate "2021.10.06"]
[SourceVersion "1"]
[SourceVersionDate "2021.10.06"]
[SourceQuality "1"]
[WhiteTeam "Praha Dopravni podnik"]
[BlackTeam "Pankrac II"]
[WhiteTeamCountry "CZE"]
[BlackTeamCountry "CZE"]

1. d4 d5 2. Nf3 Nc6 3. g3 Bf5 4. Bg2 Nf6 5. 0-0 e6 6. b3 Be7 7. Bb2 0-0 8. Nbd2 Ne4 9. e3 Bf6 10. a3 Re8 11. Rc1 Qe7 12. Qe2 a6 13. Rfd1 h5 14. c4 g6 15. Ne5 Na5 16. Nxe4 dxe4 17. Qc2 Bxe5 18. dxe5 Bg4 19. Rd2 Rad8 20. Rxd8 Rxd8 21. b4 Nc6 22. Bxe4 Qd7 23. Bg2 Ne7 24. Qc3 Bf5 25. Bf3 Qa4 26. Kg2 Rd3 27. Qc2 Qd7 28. Rd1 Rxd1 29. Qxd1 Qxd1 30. Bxd1 Be4+ 31. f3 Bd3 32. c5 Kg7 33. h4 Kf8 34. e4 Ke8 35. Kf2 Kd7 36. Ke3 Bf1 37. Kf4 Bh3 38. Be2 c6 39. Ke3 Ng8 40. Kf2 Ke8 41. Kg1 1-0

[Event "CZE-chT2A 1617"]
[Site "Czech Republic"]
[Date "2016.10.09"]
[Round "1.2"]
[White "Petr, Jan"]
[Black "Cisler, Petr"]
[Result "1-0"]
[WhiteElo "2157"]
[BlackElo "2181"]
[PlyCount "63"]
[EventDate "2016.10.09"]
[EventType "team-tourn"]
[EventRounds "11"]
[EventCountry "CZE"]
[SourceTitle "EXT 2022"]
[Source "ChessBase"]
[SourceDate "2021.10.06"]
[SourceVersion "1"]
[SourceVersionDate "2021.10.06"]
[SourceQuality "1"]
[WhiteTeam "Pankrac II"]
[BlackTeam "Domazlice"]
[WhiteTeamCountry "CZE"]
[BlackTeamCountry "CZE"]

1. e4 d5 2. exd5 Nf6 3. d4 Nxd5 4. Nf3 Bg4 5. Be2 e6 6. 0-0 Be7 7. c4 Nb6 8. h3 Bh5 9. Nc3 Nc6 10. d5 exd5 11. Nxd5 Nxd5 12. cxd5 Nb4 13. Qa4+ c6 14. dxc6 Nxc6 15. Qb5 Bxf3 16. Bxf3 Qb6 17. Qxb6 axb6 18. Re1 Kf8 19. Be3 Bc5 20. Rac1 Bxe3 21. Rxe3 Rxa2 22. Bxc6 bxc6 23. Rxc6 g6 24. Rxb6 Kg7 25. Rb7 Rf8 26. g4 h6 27. h4 Ra6 28. b4 Rf6 29. Kg2 g5 30. hxg5 hxg5 31. Re5 Kg6 32. Rbb5 1-0